Study on health status and gastro-intestinal parasites in cattle at boeng preak commune, ba phonom district, prey veng province; សិក្សាស្ថានភាពសុខភាពទូទៅនឹងកម្រិតរាលដាលរបស់បរាសិតក្នុងក្រពះពោះវៀនគោ នៅឃុំបឹងព្រះ សុ្រកបាភ្នំ ខេត្តព្រៃវែង (Record no. 10607)

000 -LEADER
fixed length control field 00829nam a22001577a 4500
003 - CONTROL NUMBER IDENTIFIER
control field OSt
005 - DATE AND TIME OF LATEST TRANSACTION
control field 20161031135623.0
008 - FIXED-LENGTH DATA ELEMENTS--GENERAL INFORMATION
fixed length control field 161031b xxu||||| |||| 00| 0 eng d
040 ## - CATALOGING SOURCE
Transcribing agency RUA
082 ## - DEWEY DECIMAL CLASSIFICATION NUMBER
Classification number VEM BOU 2015 B525 Or.1
100 ## - MAIN ENTRY--PERSONAL NAME
9 (RLIN) 11024
Personal name BOUN SOHOM; ប៊ន សុខុម
245 ## - TITLE STATEMENT
Title Study on health status and gastro-intestinal parasites in cattle at boeng preak commune, ba phonom district, prey veng province; សិក្សាស្ថានភាពសុខភាពទូទៅនឹងកម្រិតរាលដាលរបស់បរាសិតក្នុងក្រពះពោះវៀនគោ នៅឃុំបឹងព្រះ សុ្រកបាភ្នំ ខេត្តព្រៃវែង
260 ## - PUBLICATION, DISTRIBUTION, ETC. (IMPRINT)
Place of publication, distribution, etc. Phnom Penh
Name of publisher, distributor, etc. RUA
Date of publication, distribution, etc. 2015
300 ## - PHYSICAL DESCRIPTION
Extent xi; 46p;
Other physical details ill;
Dimensions 29cm;
942 ## - ADDED ENTRY ELEMENTS (KOHA)
Source of classification or shelving scheme
Koha item type VEM
Holdings
Price effective from Date last seen Permanent Location Not for loan Date acquired Source of classification or shelving scheme Koha item type Lost status Withdrawn status Date last checked out Total Checkouts Shelving location Damaged status Barcode Current Location Full call number
2016-10-312016-10-31Library Block B 2016-10-31 VEM    B525 RUA062493Library Block BVEM BOU 2015 B525 Or.1
2016-10-312016-10-31Library Block B 2016-10-31 VEM    B525 RUA062385Library Block BVEM BOU 2015 B525 Or.2
2016-10-312016-10-31Library Block B 2016-10-31 VEM    B525 A02346Library Block BVEM BOU 2015 B525 Or.3
2016-10-312016-10-31Library Block B 2016-10-31 VEM    B525 A01792Library Block BVEM BOU 2015 B525 Or.4
2016-10-312016-10-31Library Block B 2016-10-31 VEM    B525 A01385Library Block BVEM BOU 2015 B525 Or.5
2016-10-312018-07-20Library Block B 2016-10-31 VEM  2018-07-041B525 A01079Library Block BVEM BOU 2015 B525 Or.6
2016-10-312018-08-13Library Block B 2016-10-31 VEM  2018-08-111B525 A00325Library Block BVEM BOU 2015 B525 Or.7
2016-10-312016-10-31Library Block B 2016-10-31 VEM    B525 A01649Library Block BVEM BOU 2015 B525 Or.8
2021-11-122021-11-12Library Block B 2021-11-12 VEM    B692 A066913Library Block BVEM BOU 2015 B692 Or.1
2021-11-122021-11-12Library Block B 2021-11-12 VEM    B692 A066745Library Block BVEM BOU 2015 B692 Or.1
មជ្ឈមណ្ឌលឯការនៃសាកលវិទ្យាល័យភូមិន្ទកសិកម្មចំការដូង

Powered by Koha